| 000 | 00749nam a2200229 4500 | ||
|---|---|---|---|
| 001 | 125678 | ||
| 003 | ES-MaACL | ||
| 005 | 20230906192659.0 | ||
| 007 | t| | ||
| 008 | 070214s1972 sp r ||||1| spa d | ||
| 100 | 1 |
_aRath, R. _995522 |
|
| 245 | 1 | 0 |
_aCristalografía / _cR. Rath ; traducción de Guillermina Garzón ; revisado por Juan Luis Martín Vivaldi. |
| 260 |
_aMadrid : _bParaninfo, _c1972. |
||
| 300 |
_a207 p., 26 lám. : _bil. ; _c22 cm. |
||
| 490 | 1 | _aBiblioteca técnica Philips | |
| 700 | 1 |
_aGarzón, Guillermina. _955820 |
|
| 700 | 1 |
_aMartin Vivaldi, J. L. _9143449 |
|
| 830 | 0 |
_aBiblioteca técnica Philips _9181540 |
|
| 852 |
_aES-MaACL _jC-48413 _bR.84571 |
||
| 852 |
_aES-MaACL _jL-11998 _bR.114316 |
||
| 999 |
_c125678 _d125678 |
||